British and French Overseas Territories - Statistics

General Stats
  • This quiz has been taken 45 times
    42 since last reset
  • The average score is 18 of 26
Answer Stats
Location Country Territory % Correct
Pacific Ocean France French Polynesia
87%
Caribbean France Saint Martin
87%
Caribbean / North Atlantic United Kingdom Bermuda
84%
South America France French Guiana
84%
South Atlantic / Southern Ocean United Kingdom Falkland
81%
Indian Ocean France Réunion
81%
Pacific Ocean France Caledonia (New)
77%
Northern Africa / Southern Europe United Kingdom Gibraltar
77%
Indian Ocean France Mayotte
77%
Caribbean United Kingdom British Virgin Islands
74%
South Atlantic United Kingdom Saint Helena, Ascension, and Tristan da Cunha
74%
South Atlantic United Kingdom South Georgia and the South Sandwich Islands
74%
Caribbean United Kingdom Anguilla
71%
Caribbean United Kingdom Cayman
71%
Caribbean United Kingdom Montserrat
71%
Pacific Ocean United Kingdom Pitcairn
71%
Indian Ocean United Kingdom British Indian Ocean Territory
68%
Caribbean France Guadeloupe
68%
Caribbean United Kingdom Turks and Caicos Islands
68%
Antarctica & Southern Ocean United Kingdom British Antarctic Territory
65%
Canada / North Atlantic France Saint Pierre and Miquelon
65%
Pacific Ocean France Wallis and Futuna
65%
Cyprus United Kingdom Akrotiri and Dhekelia
58%
Carribean France St. Barthélemy
42%
Pacific Ocean France Clipperton Island
35%
Indian / Southern Ocean France French Southern and Antarctic Lands
19%
No matching quizzes found
Score Distribution
Percent of People with Each Score
Percentile by Number Answered
Your Score History
You have not taken this quiz since the last reset